Normal view
MARC view
Entry Topical Term
001 - CONTROL NUMBER
- control field: 31362
003 - CONTROL NUMBER IDENTIFIER
- control field: dpl
005 - DATE AND TIME OF LATEST TRANSACTION
- control field: 20110804163129.0
008 - FIXED-LENGTH DATA ELEMENTS
- fixed length control field: 110804|||a|||||| | ||| d
040 ## - CATALOGING SOURCE
- Original cataloging agency: dpl
- Transcribing agency: dpl
150 ## - HEADING--TOPICAL TERM
- Topical term or geographic name as entry element: Mass Media - Moral & ethical aspects
670 ## - SOURCE DATA FOUND
- Source citation: Work cat.: (dpl)38949: Neelamalar, M 31360, Media law and ethics /, 2010
670 ## - SOURCE DATA FOUND
- Source citation: Work cat.: (dpl)38949: Neelamalar, M 31360, Media law and ethics /, 2010
